000
00289nam a2200109Ia 4500
008
230320s9999||||xx |||||||||||||| ||spa||
082
_a
DC/371.2/G68
100
_a
Gómez Dacal, Gonzalo
245
0
_a
Curso De Organización Escolar Y General
260
_b
Escuela española
942
_8
0
_c
LIB
999
_c
38265
_d
38265